Uzayın sınırları (Record no. 2429)

MARC details
000 -BAŞLIK
Sabit Uzunlukta Kontrol Alanı 00716na a2200265 4500
001 - KONTROL NUMARASI
Denetim Alanı 14141
003 - KONTROL NUMARASI IDENTIFIER
Denetim Alanı MIRAKIL
005 - SON İŞLEM TARİHİ VE ZAMANI
Denetim Alanı 20181213154857.0
008 - SABİT-BOY VERİ ELEMANLARI - GENEL BİLGİLER
Sabit Uzunlukta Kontrol Alanı 161102b tu 000 0
020 ## - ULUSLARARASI STANDART KİTAP NUMARASI
Uluslararası Standart Kitap Numarası 9751003679
035 ## - SİSTEM KONTROL NUMARASI
Sistem Kontrol Numarası 14141
040 ## - KATALOGLAMA KAYNAK
Orijinal Kataloglama Ajansı Milas
Kataloglama Dili tur
Metne Dönüştürmek Ajansı TR-AnCHP
082 ## - DEWEY ONLU SINIFLANDIRMA NUMARASI
Sınıflandırma Numarası 523.111
Ürün Numarası A74u 1992
090 ## - SINIFLAMA NUMARASI
Sınıflama Numarası 523.111 A74u 1992
100 ## - ANA GİRİŞ - KİŞİSEL İSİM
Kişisel Ad Asimov, Isaac
245 ## - BAŞLIK TABLOSU
Başlık Uzayın sınırları
Başlığın Kalan (Frontiers)
Sorumluluk Tablosu, Vb Isaac Asimov ; Türkçesi: Mehmet Harmancı
246 ## - UNVAN FORM VARYING
Başlık Doğru / Kısa Başlığı Frontiers
260 ## - YAYIN, DAĞITIM, VB
Yayın, Dağıtım, Vb Yeri İstanbul
Yayıncı, Dağıtıcı, Vs Adı İnkılap kitabevi
Yayın, Dağıtım, Vb Tarihi 1992
300 ## - FİZİKSEL TANIM
Kapsam 344 s.
Boyutlar 20 sm.
650 ## - KONU KATMA GİRİŞ - TOPİKAL DÖNEM
Topikal Süreli Veya Coğrafi Ad Giriş Elemanı Bilim
Genel Alt Bölümü Popüler yapıtlar
650 ## - KONU KATMA GİRİŞ - TOPİKAL DÖNEM
Topikal Süreli Veya Coğrafi Ad Giriş Elemanı Keşifler
Genel Alt Bölümü Uzay
650 ## - KONU KATMA GİRİŞ - TOPİKAL DÖNEM
Topikal Süreli Veya Coğrafi Ad Giriş Elemanı Uzay
700 ## - KATMA GİRİŞ - KİŞİSEL İSİM
Kişisel Ad Harmancı, Mehmet
942 ## - EKLENDİ GİRİŞ ELEMANLARI (KOHA)
Sınıflandırma Veya Raf Düzeni Kaynak Dewey Decimal Classification
Koha Öğesi Türü Books
999 ## - SİSTEM KONTROL NUMARALARI (KOHA)
Koha Biblionumber 2429
Koha Biblioitemnumber 2429
Holdings
Kalıcı Konum Mevcut Konum Edinme Tarihi Edinim Kaynak Toplam Check-Out'Lar Tam Çağrı Numarası Barkod Tarih Son Görülme İtibaren Geçerli Fiyatlar Koha Öğesi Türü
CHP Kütüphanesi CHP Kütüphanesi 08/24/2016 Bağış   523.111 A74u 1992 001056 08/24/2016 08/24/2016 Books